000 00886nam a2200157Ia 4500
005 20260209120126.0
008 260209s9999||||xx |||||||||||||| ||und||
100 _aMangala Y Hunnargikar
245 0 _aTaxation of works contract : a case study of building contracts
260 _aBangaloreBangalore
_bNLSIU
_c2008
300 _a88 p. ; 25 cm.
505 _aTABLE. OF CONTENTS Chapter 1. Introduction; Chapter 2. Divisibility of contract; Chapter 3. Taxing powers of states; Chapter 4. Valuation of sales tax; Chapter 5. Advance tax; Chapter 6. Goods supplied by contractee; Chapter 7. Composition of tax; Chapter 8. Concessional rate of tax on inputs; Chapter 9. Conclusion; Chapter 10. Case Citations.
650 _aComposition of Tax Divisibility of Contracts
700 _aAdv. B N Gururaj - GuideAdv. B N Gururaj - Guide
856 _uhttps://dans.nls.ac.in/handle/123456789/1437
999 _c216863
_d216863